Super Smash Bros. Scramble - Statistics

General Stats
  • This quiz has been taken 24 times
  • The average score is 25 of 42
Answer Stats
Hint Answer % Correct
airom Mario
100%
knyeod ngok Donkey Kong
95%
uiigl Luigi
95%
bseowr Bowser
90%
byirk Kirby
90%
hcuaikp Pikachu
90%
iysho Yoshi
90%
klni Link
86%
eahcp Peach
86%
ssne Ness
76%
mssau Samus
71%
waori Wario
71%
apnitca olafnc Captain Falcon
67%
dydid gkno Diddy Kong
67%
mhrta Marth
67%
comrh Chrom
62%
oudlc Cloud
62%
cie ebclirms Ice Climbers
62%
itletl cam Little Mac
62%
egma amn Mega Man
62%
lzdae Zelda
62%
adyis Daisy
57%
focla Falco
57%
ngki deedde King Dedede
57%
toewwm Mewtwo
57%
ukcd nhtu Duck Hunt
52%
nniklig Inkling
48%
yjpfglfgiu Jigglypuff
48%
btaynoeat Bayonetta
43%
ngordoafn Ganondorf
43%
auaetpnl Palutena
43%
direly Ridley
43%
hbeytl Byleth
38%
ircnro Corrin
38%
ruioacl Lucario
38%
tmgikneath Metaknight
38%
lbseeali Isabelle
33%
veialglr Villager
33%
erngjain Greninja
29%
rmialo Olimar
29%
rrtceih Richter
24%
orhihptse Sephiroth
24%
No matching quizzes found
Score Distribution
Percent of People with Each Score
Percentile by Number Answered
Your Score History
You have not taken this quiz